| Tag |
First Indicator |
Second Indicator |
Subfields |
| LEADER |
00000cam a2200000 a 4500 |
| 001 |
in00005522421 |
| 006 |
m o d |
| 007 |
cr cn||||||||| |
| 008 |
131003s2013 ne ab ob 101 0 eng d |
| 005 |
20241108165913.3 |
| 035 |
|
|
|a (OCoLC)ocn859344739
|
| 040 |
|
|
|a ZJC
|b eng
|e pn
|c BWS
|d BWS
|d OCLCO
|d E7B
|d STF
|d CAUOI
|d TXA
|d CUS
|d UIU
|d WAU
|d OCLCO
|d OCLCF
|d CRCPR
|d OCLCQ
|d COO
|d CDX
|d YDXCP
|d EBLCP
|d N$T
|d DEBSZ
|d OCLCO
|d OCL
|d OCLCO
|d OCLCQ
|d OCLCO
|d PIFBY
|d OTZ
|d UAB
|d OCLCQ
|d CSAIL
|d ERL
|d UUM
|d CEF
|d U3W
|d NLE
|d OCLCQ
|d UKMGB
|d S9I
|d TYFRS
|d OCLCQ
|d UKAHL
|d UHL
|d OCLCQ
|d OCLCO
|d OCLCQ
|d SFB
|d OCLCO
|d OCLCL
|d OCLCQ
|
| 015 |
|
|
|a GBB7L4500
|2 bnb
|
| 016 |
7 |
|
|a 018587245
|2 Uk
|
| 019 |
|
|
|a 853364847
|a 857078777
|a 858092273
|a 863088647
|a 871787768
|a 992011404
|a 994940685
|a 1031044318
|a 1064069695
|a 1086433976
|
| 020 |
|
|
|a 9781315887494
|q (e-book ;
|q PDF)
|
| 020 |
|
|
|a 1315887495
|q (e-book ;
|q PDF)
|
| 020 |
|
|
|a 1138000558
|
| 020 |
|
|
|a 9781138000551
|
| 020 |
|
|
|a 9781134576470
|
| 020 |
|
|
|a 1134576471
|
| 020 |
|
|
|a 9781134576548
|
| 020 |
|
|
|a 1134576544
|
| 020 |
|
|
|a 9781134576616
|
| 020 |
|
|
|a 1134576617
|
| 020 |
|
|
|z 9781138000551
|
| 024 |
7 |
|
|a 10.1201/b14895
|2 doi
|
| 035 |
|
|
|a (OCoLC)859344739
|z (OCoLC)853364847
|z (OCoLC)857078777
|z (OCoLC)858092273
|z (OCoLC)863088647
|z (OCoLC)871787768
|z (OCoLC)992011404
|z (OCoLC)994940685
|z (OCoLC)1031044318
|z (OCoLC)1064069695
|z (OCoLC)1086433976
|
| 037 |
|
|
|a TANDF_324937
|b Ingram Content Group
|
| 050 |
|
4 |
|a TA710.A1
|b I58 2013eb
|
| 072 |
|
7 |
|a TEC
|x 009150
|2 bisacsh
|
| 082 |
0 |
4 |
|a 624.15136
|b I612
|
| 049 |
|
|
|a TXAM
|
| 111 |
2 |
|
|a International Symposium on Geotechnical Engineering for the Preservation of Monuments and Historic Sites
|n (2nd :
|d 2013 :
|c Naples, Italy)
|
| 245 |
1 |
0 |
|a Geotechnical engineering for the preservation of monuments and historic sites /
|c editors, Emilio Bilotta [and others].
|
| 260 |
|
|
|a Leiden, Netherlands :
|b CRC Press/Balkema,
|c ©2013.
|
| 300 |
|
|
|a 1 online resource (xiii, 794 pages) :
|b illustrations (some color), color maps
|
| 336 |
|
|
|a text
|b txt
|2 rdacontent
|
| 337 |
|
|
|a computer
|b c
|2 rdamedia
|
| 338 |
|
|
|a online resource
|b cr
|2 rdacarrier
|
| 347 |
|
|
|a data file
|2 rda
|
| 500 |
|
|
|a "Proceedings of the second International Symposium on Geotechnical Engineering for the Preservation of Monuments and Historic Sites, Napoli, Italy, 30-31 May 2013."
|
| 504 |
|
|
|a Includes bibliographical references and index.
|
| 505 |
0 |
|
|a Opening address -- Special lectures -- Papers.
|
| 588 |
0 |
|
|a Print version record.
|
| 520 |
|
|
|a All the traces of historic heritage are a fundamental part of our environment and reward us in the form of cultural enrichment, with the ability to have a positive effect both on our lifestyle and economy. Therefore, the preservation of ancient monuments, historic towns and sites has increasingly drawn the attention of public opinion, governmental agencies as well as consultants and contractors. This interest must be however carefully controlled and directed, since the conservation of monuments and historic sites is one of the most challenging problems of our age. Careless attempts at preserva.
|
| 650 |
|
0 |
|a Soil mechanics
|v Congresses.
|
| 650 |
|
0 |
|a Monuments
|x Conservation and restoration
|v Congresses.
|
| 650 |
|
0 |
|a Historic sites
|x Conservation and restoration
|v Congresses.
|
| 650 |
|
6 |
|a Mécanique des sols
|v Congrès.
|
| 650 |
|
6 |
|a Monuments
|x Conservation et restauration
|v Congrès.
|
| 650 |
|
6 |
|a Lieux historiques
|x Conservation et restauration
|v Congrès.
|
| 650 |
|
7 |
|a TECHNOLOGY & ENGINEERING
|x Civil
|x Soil & Rock.
|2 bisacsh
|
| 650 |
|
7 |
|a Historic sites
|x Conservation and restoration
|2 fast
|
| 650 |
|
7 |
|a Monuments
|x Conservation and restoration
|2 fast
|
| 650 |
|
7 |
|a Soil mechanics
|2 fast
|
| 655 |
|
7 |
|a Electronic books.
|2 local
|
| 655 |
|
7 |
|a Conference papers and proceedings
|2 fast
|
| 700 |
1 |
|
|a Bilotta, Emilio.
|
| 710 |
2 |
|
|a Taylor & Francis.
|
| 776 |
0 |
8 |
|i Print version:
|t Geotechnical Engineering for the Preservation of Monuments and Historic Sites: Workshop Proceedings.
|d CRC Press Inc., U.S., 2013 Boca Raton, FL
|z 1138000558
|w (OCoLC)861974336
|
| 856 |
4 |
0 |
|u http://proxy.library.tamu.edu/login?url=https://www.taylorfrancis.com/books/9780429228056
|z Connect to the full text of this electronic book
|t 0
|
| 955 |
|
|
|a Taylor and Francis ENGnetBASE
|
| 994 |
|
|
|a 92
|b TXA
|
| 999 |
f |
f |
|s 9963a5b6-dc3a-4b0d-a9ca-8119b68fd359
|i 4ebebac1-0208-46b4-89f6-e11d888d46d2
|t 0
|
| 952 |
f |
f |
|a Texas A&M University
|b College Station
|c Electronic Resources
|d Available Online
|t 0
|e TA710.A1 I58 2013eb
|h Library of Congress classification
|
| 998 |
f |
f |
|a TA710.A1 I58 2013eb
|t 0
|l Available Online
|